[Event "FRA-ch Open A-D 2018"]
[Site "Nimes"]
[Date "2018.08.18"]
[Round "1"]
[White "Giacomini, Hector"]
[Black "Marty, Brice"]
[Result "1-0"]
[WhiteElo "2196"]
[BlackElo "2050"]
[Annotator "TA"]
[PlyCount "79"]
[EventDate "2018.08.18"]
[EventType "tourn"]
[EventCountry "FRA"]
[SourceTitle "playchess.com"]
[Source "ChessBase"]
[SourceQuality "1"]

{[%evp 17,79,12,18,30,20,13,25,0,0,0,52,32,240,244,239,243,239,127,153,99,106,0,0,0,0,0,0,0,0,0,0,-29,23,24,33,34,28,41,46,11,54,45,78,31,46,44,52,0,0,0,45,16,53,16,260,275,277,274,270,256,684,668,29997,29998]} 1. Nf3 Nf6 2. e3 c5 3. c4 g6 4. Nc3 Bg7 5. d4 cxd4 6. exd4 d5 7. cxd5 Nxd5 8. Qb3 Nb6 9. Bb5+ {B14: Caro-Kann: Panov-Botvinnik Attack with 5...e6 and 5...g6} N8d7 {LiveBook: 4 Games} (9... Bd7 10. a4 O-O 11. Bxd7 N8xd7 12. a5 Nc8 13. Qxb7 Nd6 14. Qa6 Nb8 15. Qe2 Nc6 16. a6 Nxd4 17. Nxd4 Bxd4 {½-½ (57) Daghli,A (2328)-Kasparov,S (2472) Amol 2018}) 10. O-O O-O 11. Re1 {The position is equal.} Nf6 12. h3 a6 13. Bf1 h6 $146 ({Black should try} 13... Qd6 $11) ({Predecessor:} 13... Nbd5 14. Bg5 b5 15. a4 Nxc3 16. bxc3 Be6 {½-½ (36) Ilic,A (2110)-Remecki,S (2212) Kac 2012}) 14. Bf4 $14 Be6 $2 (14... e6 $14) 15. Rxe6 $18 fxe6 16. Qxe6+ Kh7 17. Bd3 (17. Nh4 $1 $18 Qxd4 18. Nxg6 $1 {[%mdl 512]} Kxg6 19. Be5) 17... Nbd5 $16 18. Nxd5 (18. Bg3 $142 Qc8 19. Re1) 18... Qxd5 {[#]} 19. Qe2 (19. Qe3 $1 $16 {Threatens to win with Ne5.} Nh5 20. Bh2) 19... Nh5 $1 $11 {[%cal Rh5f4]} 20. Bh2 Nf4 $1 {[%cal Rf4e2]} 21. Bxf4 $1 Rxf4 22. Qxe7 Raf8 23. Re1 R8f7 24. Qe2 {Bc4 is the strong threat.} Rxf3 (24... Bxd4 $142 25. Be4 Qd6) 25. gxf3 Rxf3 26. Be4 $36 {[%mdl 2048] White fights for an advantage.} Qg5+ 27. Kh2 Rf6 28. Qe3 Qh4 29. Re2 Bf8 30. Bg2 Bd6+ 31. Kg1 Rf7 32. Qe8 Qf4 33. Qe3 Qh4 34. Qe4 Qf6 35. Qd5 Rc7 $2 {[#]} (35... Qf4 $11) 36. Re6 $1 $18 {[%cal Re6f6]} Rc1+ 37. Bf1 Bh2+ 38. Kg2 Qf7 $2 (38... Qg5+ 39. Qxg5 hxg5 40. Re7+ (40. Kxh2 Rxf1 41. Kg3 Kh6 $18) 40... Kh6 41. Rxb7 (41. Kxh2 Rxf1 42. Kg2 Rd1 $18) 41... Rd1 42. Kxh2 Rxf1) 39. Qe4 {Strongly threatening Re7.} Qf4 {and the idea ...Qxe4+ leaves Black hopeful.} 40. Qxg6+ {Precision: White = 40%, Black = 40%.} 1-0

[Event "FRA-ch Open A-D 2018"]
[Site "Nimes"]
[Date "2018.08.18"]
[Round "1"]
[White "Vedovotto, Nicolas"]
[Black "Gourbiere, Yohan"]
[Result "1-0"]
[WhiteElo "2186"]
[BlackElo "2049"]
[Annotator "TA"]
[PlyCount "103"]
[EventDate "2018.08.18"]
[EventType "tourn"]
[EventCountry "FRA"]
[SourceTitle "playchess.com"]
[Source "ChessBase"]
[SourceQuality "1"]

{[%evp 19,103,7,0,-13,25,-6,51,56,94,75,129,36,24,0,-23,-22,365,356,337,66,85,85,308,308,308,308,307,302,299,295,259,239,237,184,347,348,318,260,245,238,224,236,172,81,197,197,322,335,347,334,413,405,394,366,376,360,497,491,485,468,472,449,618,600,575,521,574,515,1983,1914,6170,6170,6170,726,726,583,676,661,711,696,668,634,1165,950,1627,1495]} 1. Nc3 c5 2. e4 g6 3. f4 Bg7 4. Nf3 Nc6 5. Bb5 Nd4 6. O-O Nxb5 7. Nxb5 d6 8. d3 Nf6 9. Qe1 {B23: Sizilianisch (Geschlossenes System)} Bd7 (9... h6 10. Nc3 b6 11. b3 O-O 12. f5 gxf5 13. Qh4 Ng4 14. h3 Bxc3 15. hxg4 e6 16. Bg5 hxg5 17. Nxg5 {1-0 (62) Adhiban,B (2671)-Oparin,G (2626) Monzon 2016}) 10. Nc3 Bc6 {LiveBook: 3 Partien} 11. Qh4 {Die Stellung ist ausgeglichen.} Rc8 $146 ({Vorgänger:} 11... b5 12. a3 a5 13. Bd2 b4 14. Nd1 O-O 15. f5 c4 16. Bh6 Qb6+ {1-0 (39) Dailido,S (2341)-Bartsch,A (2196) ICCF email 2015}) 12. Kh1 O-O (12... b5 $11) 13. f5 $14 Qb6 14. Rb1 $1 e6 (14... Rce8 $142) 15. Bh6 ({Der einzige Zug:} 15. Bg5 $16 Qd8 16. Rbe1) 15... exf5 16. exf5 Qb4 17. d4 cxd4 $2 {[%mdl 8192]} (17... Bxf3 $11 18. Rxf3 Bxh6 19. Qxh6 Qxd4) 18. Bxg7 $18 Kxg7 19. Nxd4 $2 (19. fxg6 $1 $18 Bxf3 20. Rxf3 fxg6 21. Rxf6 $1 {[%mdl 512]} Rxf6 22. Nd5) 19... Be4 $1 $14 20. Rbd1 d5 $2 (20... Rce8 $16) 21. fxg6 $18 fxg6 22. Nxe4 Nxe4 23. Ne6+ Kg8 {Und ...Sf2+! würde nun gewinnen.} 24. Nxf8 Rxf8 25. Rxf8+ Qxf8 {[%mdl 4096] Endspiel KDT-KDS} 26. Re1 Nf2+ $2 (26... Kg7 27. Rc1 g5) 27. Kg1 Ne4 28. Re2 Qc5+ 29. Kf1 Qf8+ {[#]} 30. Ke1 $1 Qc5 {[%cal Rc5g1]} 31. Kd1 (31. Qd8+ $18 Kg7 32. Kf1) 31... Qg1+ (31... g5 $16 32. Qe1 Qc4) 32. Qe1 Qb6 (32... Qxh2 $142 33. c4 Qd6 34. cxd5 Qxd5+ 35. Kc2 Nd6) 33. Kc1 Qd4 34. Kb1 a5 35. a3 {[%cal Ba2a3,Ba3b4][%mdl 32]} b5 36. c3 Qd3+ 37. Ka1 b4 38. cxb4 {Weiß steht klar auf Gewinn.} axb4 39. Re3 Qc4 40. axb4 Qa6+ 41. Ra3 Qc4 42. Rf3 Qd4 43. Qe3 Qc4 (43... Qxe3 $142 44. Rxe3 Kf7) 44. Qa7 {jetzt Df7+ und aus.} Qxb4 45. Qf7+ Kh8 46. Qf8+ (46. Ra3 $142 Qb8 47. Ra7 Qxa7+ 48. Qxa7) 46... Qxf8 47. Rxf8+ {KT-KS} Kg7 48. Rd8 Nf6 49. b4 Kf7 50. Kb2 Ke6 51. Kc3 Nd7 52. Kd4 {Precision: Weiß = 52%, Schwarz = 24%.} 1-0

[Event "FRA-ch Open A-D 2018"]
[Site "Nimes"]
[Date "2018.08.18"]
[Round "1"]
[White "Galloux, Maxime"]
[Black "Girardon, Jerome"]
[Result "0-1"]
[WhiteElo "2049"]
[BlackElo "2186"]
[Annotator "TA"]
[PlyCount "85"]
[EventDate "2018.08.18"]
[EventType "tourn"]
[EventCountry "FRA"]
[SourceTitle "playchess.com"]
[Source "ChessBase"]
[SourceQuality "1"]

{[%evp 11,85,28,45,2,24,12,7,0,0,0,23,5,19,0,18,0,22,0,18,-1,-1,-37,-29,-55,-33,-64,-33,-29,0,-47,0,-14,8,0,13,12,137,135,241,178,271,237,281,121,152,150,154,165,306,193,199,206,373,370,622,619,610,242,214,-243,-258,-431,-87,-1183,-1173,-1158,-1150,-1079,-1057,-1664,0,-29984,-29985,-29984,-29984,-29997]} 1. e4 g6 2. d4 Bg7 3. Nc3 a6 4. Be3 b5 5. a3 d6 6. Qd2 Nd7 {LiveBook: 9 Games. B06: Modern Defence} 7. h3 (7. h4 h6 8. Nge2 Bb7 9. f3 c5 10. dxc5 Nxc5 11. Bd4 Bxd4 12. Nxd4 Nf6 13. O-O-O Rc8 14. g4 {0-1 (34) Matviishen,V (2407)-Zubarev,A (2506) Lutsk 2017}) 7... Bb7 8. g4 $146 ({Predecessor:} 8. Nf3 c5 9. d5 Ngf6 10. Bd3 O-O 11. Bh6 Re8 12. Bxg7 Kxg7 13. O-O {0-1 (45) Jeitz,C (2221)-Gorbatov,A (2404) Pardubice 2009}) 8... Ngf6 {The position is equal.} 9. Bg2 Nb6 10. b3 h5 11. g5 Nfd7 12. Rc1 e6 13. Nge2 O-O 14. O-O d5 15. Nf4 {[%cal Re4d5]} c6 16. exd5 cxd5 17. Rfd1 Qe7 18. Nd3 Rfc8 19. Nb1 a5 20. Qe1 Kh7 21. f4 Ra6 22. Bf1 Raa8 23. Ne5 f6 (23... b4 $11 {keeps the balance.}) 24. gxf6 $16 Bxf6 (24... Nxf6 $16 25. Bxb5 Ne4) 25. Bxb5 Bh4 (25... Ba6 {was called for.}) 26. Qe2 $18 Nf6 27. Qg2 (27. Kh2 $18 {has better winning chances.}) 27... Rg8 $16 28. Bd3 Ne4 29. Nd2 Qf6 (29... Nc8 $142 30. Nxe4 dxe4) 30. Nxe4 dxe4 31. Bxe4 Nd5 $2 (31... Bxe4 32. Qxe4 Nd5) 32. Bd2 $18 Kh8 $2 (32... Raf8 33. Qf3 Nxf4 34. Bxb7 Bg3) 33. c4 g5 34. cxd5 $2 (34. Qf3 Rg7 35. Kh1) 34... gxf4 {[#]} 35. Ng6+ $4 {[%mdl 8192]} (35. Bg6 $1 $18 {is the narrow road to win.} Rg7 36. Rc6 (36. Be1 Bxd5 37. Bxh4 Qxh4 $16)) 35... Rxg6 $1 $19 36. Bxg6 $2 {[#]} (36. Qxg6 Rg8 37. Qxg8+ Kxg8 38. Kh1 (38. Bxa5 $2 Qg5+ 39. Kh1 Bxd5 $19)) 36... Rg8 $2 (36... f3 $1 $19 {[%cal Rf3g2]} 37. Rf1 Qxd4+ 38. Qf2 Bxf2+ 39. Rxf2 Kg8 40. dxe6 Qe5 41. Bf7+ Kh7) 37. Qe4 $2 {[%mdl 8192]} ({Don't go for} 37. Kh2 $2 Bxd5 38. Qxd5 exd5 $19) (37. Bxf4 $17 Qxf4 38. Rc6) 37... Rxg6+ 38. Kf1 Ba6+ 39. Rc4 a4 {[%cal Ba5a4,Ba4b3][%mdl 32]} 40. dxe6 f3 $2 (40... axb3 $19 41. Qa8+ Rg8 42. Ke2 Bxc4+ 43. Kf3 Rxa8 44. Bxf4 Rf8 45. Kg2 Bd5+ 46. Kf1 Qxf4+ 47. Ke2 Qh2+ 48. Ke3 Rf3#) 41. Be3 $2 {[%mdl 8192]} ({Don't blunder} 41. Qa8+ $2 Rg8 $19) (41. e7 $11 Qxe7 42. Qxe7 Bxe7 43. Kf2 axb3 44. Rc5 Rg2+ 45. Kxf3 Bb7+ 46. Kf4 Rf2+ 47. Ke3 Rf3+ 48. Ke2 Bxc5 49. dxc5) 41... axb3 42. d5 Qg7 43. Rd2 {Precision: White = 26%, Black = 31%.} 0-1

[Event "FRA-ch Open A-D 2018"]
[Site "Nimes"]
[Date "2018.08.18"]
[Round "1"]
[White "Kavciyan, Yega"]
[Black "Daurelle, Herve"]
[Result "0-1"]
[WhiteElo "2049"]
[BlackElo "2181"]
[Annotator "TA"]
[PlyCount "22"]
[EventDate "2018.08.18"]
[EventType "tourn"]
[EventCountry "FRA"]
[SourceTitle "playchess.com"]
[Source "ChessBase"]
[SourceQuality "1"]

{[%evp 9,22,7,-5,-13,-12,-14,-5,-75,-65,-81,-61,-123,-114,-129,-79]} 1. d4 Nf6 2. Bf4 c5 3. dxc5 Qa5+ (3... Nc6 4. Nc3 e5 5. Bg5 Bxc5 6. e3 Bb4 7. Nge2 d5 8. a3 Bxc3+ 9. Nxc3 Be6 10. Bb5 d4 11. Bxf6 Qxf6 {½-½ (42) Aronian,L (2799)-Kasparov,G (2812) Saint Louis 2017}) 4. Nc3 Qxc5 5. e4 Nxe4 $146 ({Predecessor:} 5... Nc6 6. Be3 Qb4 7. Bd3 g6 8. Rb1 Bg7 9. Nge2 O-O 10. O-O d6 11. a3 {½-½ (40) Schlittermann,W (1731)-Morales Quintero,J (1959) Las Palmas 2014}) 6. Nxe4 {A45: Trompowsky Attack} Qb4+ 7. Qd2 Qxe4+ 8. Be2 (8. Ne2 $11) 8... Nc6 $17 9. O-O-O d6 10. Nf3 ({White should try} 10. a3 $15) 10... Qa4 11. a3 Bf5 0-1

[Event "FRA-ch Open A-D 2018"]
[Site "Nimes"]
[Date "2018.08.18"]
[Round "1"]
[White "Kozlowski, Thierry"]
[Black "Verhille, Elie"]
[Result "0-1"]
[WhiteElo "1993"]
[BlackElo "1862"]
[Annotator "NA RC"]
[PlyCount "82"]
[EventDate "2018.08.18"]
[EventType "tourn"]
[EventCountry "FRA"]
[SourceTitle "playchess.com"]
[Source "ChessBase"]
[SourceQuality "1"]
[TimeControl "40/5400+30:1800+30"]

1. Nf3 {[%emt 0:00:00]} Nf6 {[%emt 0:00:00]} 2. c4 {[%emt 0:00:15]} g6 {[%emt 0:00:00]} 3. b3 {[%emt 0:01:05]} Bg7 {[%emt 0:00:12]} 4. Bb2 {[%emt 0:00:05]} O-O {[%emt 0:00:40]} 5. g3 {[%emt 0:00:06]} b6 {[%emt 0:02:04]} 6. Bg2 {[%emt 0:01:06]} Bb7 {[%emt 0:00:24]} 7. O-O {[%emt 0:00:36]} d5 {[%emt 0:06:03]} 8. Na3 {[%emt 0:48:02]} c5 {[%emt 0:08:34]} 9. cxd5 {[%emt 0:06:05]} Bxd5 {[%emt 0:01:47]} 10. Rc1 {[%emt 0:07:10]} Nbd7 {[%emt 0:03:54]} 11. Rc2 {[%emt 0:03:50]} a5 {[%emt 0:12:52]} 12. Nb5 {[%emt 0:03:56]} a4 {[%emt 0:03:44]} 13. bxa4 {[%emt 0:00:34]} Rxa4 {[%emt 0:01:28]} 14. Nc3 {[%emt 0:01:09]} Ra7 {[%emt 0:00:55]} 15. Nxd5 {[%emt 0:00:41]} Nxd5 {[%emt 0:02:56]} 16. Bxg7 {[%emt 0:03:44]} Kxg7 {[%emt 0:00:01]} 17. Qa1+ {[%emt 0:03:45]} Kg8 {[%emt 0:04:10]} 18. d4 {[%emt 0:02:51]} Rc7 {[%emt 0:03:51]} 19. dxc5 {[%emt 0:03:24]} Rxc5 {[%emt 0:04:50]} 20. Rxc5 {[%emt 0:02:43]} bxc5 {[%emt 0:01:19]} 21. Rd1 {[%emt 0:00:13]} N5b6 {[%emt 0:02:23]} 22. Ne5 {[%emt 0:02:11]} Qc7 {[%emt 0:00:20]} 23. Nc6 {[%emt 0:00:10]} Nb8 {[%emt 0:01:24]} 24. Ne5 {[%emt 0:03:58]} N8d7 {[%emt 0:00:36]} 25. Ng4 {[%emt 0:00:37]} h5 {[%emt 0:01:08]} 26. Ne3 {[%emt 0:00:18]} Rc8 {[%emt 0:03:39]} 27. a4 {[%emt 0:00:20]} Ne5 {[%emt 0:01:08]} 28. a5 {[%emt 0:00:43]} Nbc4 {[%emt 0:00:26]} 29. Nd5 {[%emt 0:01:36]} Qa7 {[%emt 0:00:29]} 30. a6 {[%emt 0:02:16]} Nc6 {[%emt 0:01:50]} 31. Qa4 {[%emt 0:01:15]} Nb2 {[%emt 0:01:17]} 32. Qb3 {[%emt 0:00:40]} Nxd1 {[%emt 0:00:19]} 33. Qxd1 {[%emt 0:00:05]} Qxa6 {[%emt 0:00:26]} 34. e3 {[%emt 0:00:42]} Qa7 {[%emt 0:03:30]} 35. g4 {[%emt 0:00:25]} hxg4 {[%emt 0:02:46]} 36. Qxg4 {[%emt 0:00:04]} Rd8 {[%emt 0:01:59]} 37. h4 {[%emt 0:00:20]} Qa1+ {[%emt 0:00:41]} 38. Kh2 {[%emt 0:00:01]} Rxd5 {[%emt 0:00:41]} 39. Bxd5 {[%emt 0:00:59]} Qe5+ {[%emt 0:00:05]} 40. Kh3 {[%emt 0:01:25]} Qxd5 {[%emt 0:00:10]} 41. e4 {[%emt 0:30:01]} Qe6 {[%emt 0:30:42]} 0-1

[Event "FRA-ch Open A-D 2018"]
[Site "Nimes"]
[Date "2018.08.18"]
[Round "1"]
[White "Moullier, Igor"]
[Black "Baudon, Andrew"]
[Result "1/2-1/2"]
[WhiteElo "1969"]
[BlackElo "1860"]
[Annotator "NA RC"]
[PlyCount "67"]
[EventDate "2018.08.18"]
[EventType "tourn"]
[EventCountry "FRA"]
[SourceTitle "playchess.com"]
[Source "ChessBase"]
[SourceQuality "1"]
[TimeControl "40/5400+30:1800+30"]

1. e4 {[%emt 0:00:00]} e5 {[%emt 0:00:00]} 2. Nf3 {[%emt 0:00:00]} Nf6 {[%emt 0:00:00]} 3. Nxe5 {[%emt 0:00:00]} d6 {[%emt 0:00:00]} 4. Nf3 {[%emt 0:00:03]} Nxe4 {[%emt 0:00:00]} 5. c4 {[%emt 0:00:23]} c6 {[%emt 0:02:23]} 6. d4 {[%emt 0:01:17]} d5 {[%emt 0:00:19]} 7. Nc3 {[%emt 0:01:19]} Bb4 {[%emt 0:04:17]} 8. Qb3 {[%emt 0:02:59]} Qa5 {[%emt 0:03:38]} 9. Bd2 {[%emt 0:03:21]} Nxd2 {[%emt 0:00:59]} 10. Kxd2 {[%emt 0:00:43]} O-O {[%emt 0:01:46]} 11. Rd1 {[%emt 0:06:37]} c5 {[%emt 0:13:07]} 12. cxd5 {[%emt 0:07:13]} cxd4 {[%emt 0:05:30]} 13. Nxd4 {[%emt 0:01:01]} Rd8 {[%emt 0:01:41]} 14. Kc1 {[%emt 0:11:22]} Bxc3 {[%emt 0:12:08]} 15. bxc3 {[%emt 0:03:04]} Nd7 {[%emt 0:05:25]} 16. Be2 {[%emt 0:11:35]} Nc5 {[%emt 0:03:42]} 17. Qb4 {[%emt 0:03:42]} Qxb4 {[%emt 0:09:39]} 18. cxb4 {[%emt 0:00:09]} Ne4 {[%emt 0:00:04]} 19. Rhf1 {[%emt 0:03:38]} a5 {[%emt 0:02:37]} 20. b5 {[%emt 0:03:07]} Nc3 {[%emt 0:09:10]} 21. Rd2 {[%emt 0:00:24]} Bd7 {[%emt 0:04:52]} 22. Kb2 {[%emt 0:02:17]} Rac8 {[%emt 0:04:25]} 23. Bf3 {[%emt 0:02:55]} Bxb5 {[%emt 0:06:12]} 24. Rc1 {[%emt 0:00:56]} Na4+ {[%emt 0:00:37]} 25. Kb1 {[%emt 0:00:13]} Ba6 {[%emt 0:01:25]} 26. Rxc8 {[%emt 0:01:02]} Rxc8 {[%emt 0:00:05]} 27. Nf5 {[%emt 0:01:55]} Kf8 {[%emt 0:00:51]} 28. Rd4 {[%emt 0:01:29]} b5 {[%emt 0:00:50]} 29. h4 {[%emt 0:02:04]} b4 {[%emt 0:01:53]} 30. Ne3 {[%emt 0:04:22]} Nc3+ {[%emt 0:00:25]} 31. Kb2 {[%emt 0:00:32]} Na4+ {[%emt 0:00:08]} 32. Kb1 {[%emt 0:00:11]} Nc3+ {[%emt 0:00:30]} 33. Kb2 {[%emt 0:00:05]} Na4+ {[%emt 0:02:13]} 34. Kb1 {[%emt 0:01:20]} 1/2-1/2

[Event "FRA-ch Open A-D 2018"]
[Site "Nimes"]
[Date "2018.08.18"]
[Round "1"]
[White "Wilfert, Fabrice"]
[Black "Partinico, Jeremy"]
[Result "1-0"]
[WhiteElo "1862"]
[BlackElo "1990"]
[Annotator "NA RC"]
[PlyCount "99"]
[EventDate "2018.08.18"]
[EventType "tourn"]
[EventCountry "FRA"]
[SourceTitle "playchess.com"]
[Source "ChessBase"]
[SourceQuality "1"]
[TimeControl "40/5400+30:1800+30"]

1. e4 c5 {[%emt 0:00:00]} 2. Nc3 {[%emt 0:00:00]} e6 {[%emt 0:00:04]} 3. f4 {[%emt 0:00:00]} d5 {[%emt 0:01:35]} 4. d3 {[%emt 0:00:45]} Nc6 {[%emt 0:02:38]} 5. Nf3 {[%emt 0:00:33]} g6 {[%emt 0:06:01]} 6. g3 {[%emt 0:02:31]} Bg7 {[%emt 0:00:53]} 7. Bg2 {[%emt 0:00:44]} Nge7 {[%emt 0:02:50]} 8. Bd2 {[%emt 0:14:12] B24: Closed Sicilian: 3 g3 sidelines} (8. O-O O-O 9. Qe2 b6 10. g4 Qd7 11. Qf2 Bb7 12. Bd2 Nd4 13. Ne5 Qc7 14. exd5 exd5 15. Rac1 {½-½ (15) Dembo,Y (2457)-Kulaots,K (2601) Aix les Bains 2011}) 8... O-O {[%emt 0:00:55]} 9. Rb1 {[%emt 0:07:57]} Rb8 {[%emt 0:02:40]} 10. O-O {[%emt 0:02:16]} b5 {[%emt 0:01:48]} 11. Ne2 {[%emt 0:08:46]} a5 {[%emt 0:09:33]} 12. c3 $146 {[%emt 0:05:39]} ({Predecessor:} 12. e5 d4 13. g4 Nd5 14. Ng3 f5 15. gxf5 gxf5 16. Ng5 h6 17. Nh3 {½-½ (26) Taeger,T (2414)-Kerek,C (2190) Eger 1996}) 12... b4 {[%emt 0:10:05]} 13. Be3 {[%emt 0:09:38]} dxe4 {[%emt 0:08:40]} 14. dxe4 {[%emt 0:00:22]} Ba6 {[%emt 0:00:09]} 15. Re1 {[%emt 0:01:16]} bxc3 {[%emt 0:09:49]} 16. bxc3 {[%emt 0:02:15]} Qxd1 {[%emt 0:05:47]} 17. Rbxd1 {[%emt 0:00:10]} Rb2 {[%emt 0:00:44]} 18. Rd2 {[%emt 0:07:38]} Rfb8 {[%emt 0:04:40]} 19. Bf1 {[%emt 0:07:47]} Rxd2 {[%emt 0:05:40]} 20. Bxd2 {[%emt 0:03:31]} Rb2 {[%emt 0:00:22]} 21. Nc1 {[%emt 0:00:12]} Bxf1 {[%emt 0:04:23]} 22. Rxf1 {[%emt 0:03:25]} c4 {[%emt 0:01:31]} 23. Rd1 {[%emt 0:03:02]} Rc2 {[%emt 0:04:49]} 24. Ne1 {[%emt 0:01:31]} Rb2 {[%emt 0:00:01]} 25. Nf3 {[%emt 0:00:52]} Kf8 {[%emt 0:00:31]} 26. e5 {[%emt 0:01:20]} Nd5 {[%emt 0:00:51]} 27. a3 {[%emt 0:01:44]} Ke7 $19 {[%emt 0:00:44]} 28. Ng5 {[%emt 0:00:58]} f6 {[%emt 0:01:42]} 29. exf6+ {[%emt 0:01:05]} Bxf6 {[%emt 0:00:06]} 30. Ne4 {[%emt 0:00:16]} Bg7 {[%emt 0:00:55]} 31. Kf1 {[%emt 0:01:19]} Rc2 {[%emt 0:02:23]} 32. Ne2 {[%emt 0:01:28]} Ra2 {[%emt 0:00:07]} 33. Bc1 {[%emt 0:00:32]} Ra1 {[%emt 0:00:26]} 34. Ke1 {[%emt 0:00:35]} a4 {[%emt 0:00:56]} 35. Kd2 {[%emt 0:04:11]} Na5 {[%emt 0:01:17]} 36. Bb2 {[%emt 0:01:46]} Ra2 {[%emt 0:03:06]} 37. Kc1 {[%emt 0:00:46]} Ne3 {[%emt 0:06:22]} 38. Re1 {[%emt 0:01:28]} Nb3+ {[%emt 0:02:58]} 39. Kb1 {[%emt 0:00:12]} Rxb2+ {[%emt 0:00:20]} 40. Kxb2 {[%emt 0:00:07]} Nd5 {[%emt 0:00:11]} 41. Nc1 {[%emt 0:33:45]} Nc5 {[%emt 0:31:09]} 42. Kc2 {[%emt 0:01:16]} Nb3 {[%emt 0:00:00]} 43. Na2 {[%emt 0:00:00]} h6 {[%emt 0:00:00]} 44. Nb4 {[%emt 0:00:00]} Kd7 {[%emt 0:00:00]} 45. Rd1 {[%emt 0:00:00]} Nd4+ 46. Rxd4 {[%emt 0:00:00]} Bxd4 {[%emt 0:00:00]} 47. cxd4 {[%emt 0:00:00]} Nxb4+ {[%emt 0:00:00]} 48. axb4 {[%emt 0:00:00]} Kc6 {[%emt 0:00:00]} 49. Nc3 {[%emt 0:00:00]} a3 {[%emt 0:00:00]} 50. Kb1 1-0

[Event "FRA-ch Open A-D 2018"]
[Site "Nimes"]
[Date "2018.08.18"]
[Round "1"]
[White "Muzzarelli, Hogan"]
[Black "Lebugle, Philippe"]
[Result "0-1"]
[WhiteElo "1860"]
[BlackElo "1967"]
[Annotator "NA RC"]
[PlyCount "112"]
[EventDate "2018.08.18"]
[EventType "tourn"]
[EventCountry "FRA"]
[SourceTitle "playchess.com"]
[Source "ChessBase"]
[SourceQuality "1"]
[TimeControl "40/5400+30:1800+30"]

1. d4 {[%emt 0:00:00]} d5 {[%emt 0:00:00]} 2. c4 {[%emt 0:00:00]} e6 {[%emt 0:00:00]} 3. Nc3 {[%emt 0:00:11]} f5 {[%emt 0:05:04]} 4. Nf3 {[%emt 0:03:31]} Nf6 {[%emt 0:00:16]} 5. Bf4 {[%emt 0:03:29]} c6 {[%emt 0:00:43]} 6. e3 {[%emt 0:02:15]} Be7 {[%emt 0:05:35]} 7. c5 {[%emt 0:05:58] A84: Dutch Defence: 2 c4 Miscellaneous} (7. Bd3 O-O 8. h3 Ne4 9. Qb3 Nd7 10. cxd5 cxd5 11. Rc1 a6 12. O-O g5 13. Bh2 Ndf6 14. Rc2 g4 15. Ne5 Bd6 16. Ne2 gxh3 17. gxh3 Ng5 18. Nf4 Bxe5 19. dxe5 Ne8 20. f3 Kh8 21. Kh1 Ng7 22. Rg2 Ne8 23. Qb4 {1-0 (23) Diermair,A (2508)-Fauland,A (2419) Vienna 2018}) 7... O-O {[%emt 0:00:36]} 8. Be2 {[%emt 0:02:46]} Nbd7 $146 {[%emt 0:01:23]} ({Predecessor:} 8... Ne4 9. Qc2 a5 10. Bxb8 Rxb8 11. Na4 f4 12. exf4 Rxf4 13. Bd3 e5 14. dxe5 {0-1 (25) Almeida,H (1793)-De Arruda Filho,N (1953) Cuiaba 2017}) 9. Ng5 {[%emt 0:09:43]} Nb8 {[%emt 0:00:10]} 10. Nf3 {[%emt 0:00:34]} Re8 {[%emt 0:01:03]} 11. O-O {[%emt 0:04:14]} Nbd7 {[%emt 0:01:01]} 12. Qc2 {[%emt 0:12:06]} Nf8 {[%emt 0:04:11]} 13. Ne5 {[%emt 0:03:18]} N6d7 {[%emt 0:00:28]} 14. h3 {[%emt 0:02:39]} Bf6 {[%emt 0:01:54]} 15. b4 {[%emt 0:07:53]} Nxe5 {[%emt 0:23:46]} 16. Bxe5 {[%emt 0:00:15]} Be7 {[%emt 0:07:49]} 17. Qa4 {[%emt 0:09:19]} Bd7 {[%emt 0:02:09]} 18. Rab1 {[%emt 0:02:36]} Ng6 {[%emt 0:07:12]} 19. f4 {[%emt 0:03:13]} Nxe5 {[%emt 0:00:17]} 20. dxe5 {[%emt 0:00:20]} a5 {[%emt 0:02:36]} 21. Kf2 {[%emt 0:07:56]} b5 {[%emt 0:10:13]} 22. Qb3 {[%emt 0:07:38]} axb4 {[%emt 0:00:46]} 23. Qxb4 {[%emt 0:00:20]} Qa5 {[%emt 0:00:07]} 24. Qxa5 {[%emt 0:01:58]} Rxa5 {[%emt 0:00:05]} 25. a4 {[%emt 0:02:22]} Bxc5 {[%emt 0:03:48]} 26. axb5 {[%emt 0:01:03]} d4 {[%emt 0:00:09]} 27. bxc6 {[%emt 0:03:22]} Bxc6 {[%emt 0:00:19]} 28. Nd1 {[%emt 0:01:49]} Be4 {[%emt 0:01:42]} 29. Rb3 {[%emt 0:01:13]} Rd8 {[%emt 0:07:34]} 30. exd4 {[%emt 0:01:51]} Bxd4+ {[%emt 0:04:00]} 31. Kg3 {[%emt 0:00:09]} Bc2 {[%emt 0:02:55]} 32. Rb7 {[%emt 0:00:34]} Be4 {[%emt 0:03:04]} 33. Re7 {[%emt 0:00:08]} Bd5 {[%emt 0:00:17]} 34. Nf2 {[%emt 0:01:06]} Ra2 {[%emt 0:00:52]} 35. Bb5 {[%emt 0:00:42]} Kf8 {[%emt 0:00:27]} 36. Rc7 {[%emt 0:00:23]} Rb8 {[%emt 0:00:13]} 37. Bc4 {[%emt 0:00:48]} Bxc4 {[%emt 0:01:27]} 38. Rxc4 {[%emt 0:00:04]} Rb3+ {[%emt 0:00:08]} 39. Kh2 {[%emt 0:00:47]} Bxf2 {[%emt 0:00:35]} 40. Rc8+ {[%emt 0:00:35]} Kf7 {[%emt 0:00:24]} 41. Rd1 {[%emt 0:30:48]} Bg3+ {[%emt 0:30:11]} 42. Kg1 {[%emt 0:00:06]} Rbb2 {[%emt 0:01:02]} 43. Kf1 {[%emt 0:00:26]} Rf2+ {[%emt 0:00:09]} 44. Kg1 {[%emt 0:00:08]} Rxg2+ {[%emt 0:00:10]} 45. Kh1 {[%emt 0:00:20]} Rh2+ {[%emt 0:00:09]} 46. Kg1 {[%emt 0:00:04]} Rag2+ {[%emt 0:00:06]} (46... Rxh3 $142 47. Rc7+ Kg6 48. Rf1 Bh2+ 49. Kh1 Bxf4+ 50. Kg1 Bh2+ 51. Kh1 Bxe5+ 52. Kg1 Bxc7 53. Rf2 Bb6 54. Kf1 Rxf2+ 55. Kg1 Rd2+ 56. Kf1 Rh1#) 47. Kf1 {[%emt 0:00:08]} Rd2 {[%emt 0:01:25]} (47... Rb2 $142 48. Kg1 Rxh3 49. Rd3 Bf2+ 50. Kf1 Be3 51. Rc7+ Kg6 52. Rxg7+ Kxg7 53. Rd7+ Kg6 54. Rg7+ Kxg7 55. Ke1 Rh1#) 48. Rxd2 {[%emt 0:01:00]} Rxd2 {[%emt 0:00:07]} 49. Rc7+ {[%emt 0:00:06]} Kf8 {[%emt 0:01:13]} 50. Rc8+ {[%emt 0:00:17]} Ke7 {[%emt 0:00:13]} 51. Rh8 {[%emt 0:00:20]} h6 {[%emt 0:00:57]} 52. Rg8 {[%emt 0:00:11]} Kf7 {[%emt 0:00:07]} 53. Rc8 {[%emt 0:00:17]} Bxf4 {[%emt 0:00:15]} 54. Rc7+ {[%emt 0:00:21]} Kf8 {[%emt 0:00:24]} 55. Rc8+ {[%emt 0:00:03]} Ke7 $19 {[%emt 0:00:11]} 56. Rg8 {[%emt 0:00:04]} Bxe5 {[%emt 0:00:10]} 0-1